00642nam a2200169Ia 4500008004100000020001800041041000800059082001500067100002300082245015200105250000600257260003800263300001300301650001500314999001900329952012400348210716s2004 xx 000 0 und d a9789814057035 aeng a158.7 MUCP aMuchinsky, Paul M. aPsychology applied to work: an introduction to industrial and organizational psychology.bIntroduction to industrial and organizational psychology. a6 aAustraliabThomson learningc2004 axxiv,551 aPsychology c199811d199811 001040708MBAaAIMITbAIMITd2005-11-25g324.00l0o158.7 MUCPpMBA02376r2026-05-23 00:00:00v259.20w2021-07-16yBK